Music Quiz

Random Music or Lyrics Quiz

Sugar, We're Goin Down Lyrics - Fall Out Boy Quiz Stats

Quiz not verified by Sporcle

Challenge
Share
Tweet
Embed
Score 0/72 Timer 10:00
0 Plays Today
Lyrics Lyrics % Correct
Am I ____ ____ ___ _________ ___ ___?More than you bargained for yet?
93%
'Cause that's just ___ _ __ ____ ____Who I am this week
89.6%
But you're just a ____ __ _ ____Line in a song
85.3%
I'm just a _____ __ ____ _______Notch in your bedpost
84.4%
And sugar, ____ ____ ____ _______We're goin' down swingin'
84.4%
Cock it ___ ____ __And pull it
83.5%
I've been dying to ___ ___ ________ ___ ____ __ ____Tell you anything you want to hear
82.5%
But you're ____ _ ____ __ _ ____)Just a line in a song)
82%
We're goin' down, down, __ __ _______ _____In an earlier round
81.3%
I'll be your ______ ___ ____ _ ______Number one with a bullet
81.2%
(Notch in ____ _______Your bedpost
81%
Drop a heart and _____ _ ____Break a name
80.6%
We're always ________ __Sleeping in
80.6%
And sugar, ____ ____ ____ _______We're goin' down swingin'
79.8%
Cock it ___ ____ __And pull it
79.6%
And sleeping ___ ___ _____ ____For the wrong team
79.5%
We're goin' down, down, __ __ _______ _____In an earlier round
78.3%
I'll be your ______ ___ ____ _ ______Number one with a bullet
78%
Lie in the grass, ____ __ ___ _________Next to the mausoleum
75.5%
A loaded ___ _______God complex
74.8%
Wishing to be the ________ __ ____ _____Friction in your jeans
73.3%
A loaded ___ _______God complex
73.1%
But you're just a ____ __ _ ____Line in a song
71.6%
Is this ____ ____ ___ _________ ___ ___?More than you bargained for yet?
71.3%
I'm just a _____ __ ____ _______Notch in your bedpost
70.7%
And sugar, ____ ____ ____ _______We're goin' down swingin'
69.9%
But you're ____ _ ____ _ ____)Just a line in a song)
69.5%
(Notch in ____ _______Your bedpost
69.4%
Cock it ___ ____ __ And pull it
69.3%
Isn't it messed up ___ __ ____ _____ __ __ ___?How I'm just dying to be him?
68.9%
We're goin' down, down, __ __ _______ _____In an earlier round
68.8%
We're always ________ __Sleeping in
68.4%
I'll be your ______ ___ ____ _ ______Number one with a bullet
68.4%
Drop a heart and _____ _ ____Break a name
68.3%
And sleeping ___ ___ _____ ____For the wrong team
68.3%
I'm watching ___ ___ ____ ___ ______You two from the closet
67.7%
Lyrics Lyrics % Correct
And sugar, ____ ____ ____ _______We're goin' down swingin'
67.6%
Cock it ___ ____ __ And pull it
67.4%
We're goin' down, down, __ __ _______ _____In an earlier round
66.7%
I'll be your ______ ___ ____ _ ______Number one with a bullet
66.6%
And sugar, ____ ____ ____ _______We're goin' down swingin'
65.2%
A loaded ___ _______God complex
65%
Cock it ___ ____ __ And pull it
64.8%
Down, down in __ _______ _____An earlier round
64.3%
I'll be your ______ ___ ____ _ ______Number one with a bullet
63.9%
A loaded ___ _______God complex
63.5%
We're goin' down, down, __ __ _______ _____In an earlier round
61.5%
A loaded ___ _______God complex
60.9%
Oh, ____ ____ __Don't mind me
58.1%
And sugar, ____ ____ ____ _______We're goin' down swingin'
51.3%
(Down, ____)Down)
48.6%
Cock it ___ ____ __ And pull it
48.5%
I'll be your ______ ___ ____ _ ______Number one with a bullet
48.4%
Down, ____Down
48.4%
(Down, ____)Down)
48.4%
We're going ____, ____Down, down
48%
We're going ____, ____Down, down
48%
(Down, ____)Down)
48%
Cock it ___ ____ __And pull it
47.1%
A loaded ___ _______God complex
45.7%
We're goin' down, down, __ __ _______ _____In an earlier round
45.6%
And sugar, ____ ____ ____ _______We're goin' down swingin'
44.6%
A loaded ___ _______God complex
44.3%
Cock it ___ ____ __And pull it
43.4%
I'll be your ______ ___ ____ _ ______Number one with a bullet
42.8%
A loaded ___ _______God complex
41.1%
(Take back ____ ___ ____)What you said)
22.5%
(Take back ____ ___ ____)What you said)
20.3%
(Take ___ __ ______)Aim at myself)
17.1%
(Take ___ __ ______)Aim at myself)
16.4%
(Take ___ __ ______)Aim at myself)
15.8%
(Take ___ __ ______)Aim at myself)
15.2%

You're not logged in!

Compare scores with friends on all Sporcle quizzes.
Join for Free
OR
Log In

You Might Also Like...

Show Comments

Extras

Top Quizzes Today


Score Distribution

Your Account Isn't Verified!

In order to create a playlist on Sporcle, you need to verify the email address you used during registration. Go to your Sporcle Settings to finish the process.

Report this User

Report this user for behavior that violates our Community Guidelines.

Details: